Kagurabachi - Tout sur les Sabres Ensorcelés - Statistiques

Statistiques générales
  • Ce quiz a été pris 7 fois
  • Le résultat moyen est 14 sur 32
Statistiques - réponses
Réponses % Correct
En
83%
Chihiro Rokuhira
67%
Chihiro Rokuhira
67%
Enten
67%
Kumeyuri
67%
Kuregumo
67%
Kuro
67%
Magatsumi
67%
Mei
67%
Tobimune
67%
67%
Aka
50%
Akemura Soga
50%
Genichi Sōjō
50%
Hiruhiko
50%
Ibuki Misaka
50%
Kyora Sazanami
50%
Seiichi Samura
50%
Yoji Uruha
50%
Yura
50%
33%
Nishiki
33%
Tonbo
33%
Chō
17%
Kodoku
17%
Kumo
17%
Mukade
17%
Suzaku
17%
Yui
17%
Fukurо̄
0%
Hachi
0%
Karasu
0%
Aucun quiz correspondant
Distribution des résultats
% des personnes avec chaque résultat
Percentile par nombre de réponses
Votre historique - résultats
Vous n’avez pas pris ce quiz